حافظ - شخص اور شعار (Record no. 106328)

MARC details
000 -LEADER
fixed length control field 00741nam a22002297a 4500
005 - DATE AND TIME OF LATEST TRANSACTION
control field 20170123162306.0
010 ## - LIBRARY OF CONGRESS CONTROL NUMBER
LC control number B-077911
020 ## - INTERNATIONAL STANDARD BOOK NUMBER
Terms of availability 60.00
035 ## - SYSTEM CONTROL NUMBER
System control number B-077911
037 ## - SOURCE OF ACQUISITION
Source of stock number/acquisition Cen Lib/Ret
040 ## - CATALOGING SOURCE
Original cataloging agency DPL
Language of cataloging UR
082 ## - DEWEY DECIMAL CLASSIFICATION NUMBER
Classification number 841.08
Item number ج ا ے
100 ## - MAIN ENTRY--PERSONAL NAME
Personal name جیسی، کبیر احمد
9 (RLIN) 376
245 ## - TITLE STATEMENT
Title حافظ - شخص اور شعار
Remainder of title کبیر احمد جیسی
246 ## - VARYING FORM OF TITLE
Title proper/short title Hafiz - shakhs aur shayar /
Remainder of title by Kabeer Ahmad Shaayr
260 ## - PUBLICATION, DISTRIBUTION, ETC. (IMPRINT)
Place of publication, distribution, etc پٹنہ
Name of publisher, distributor, etc خدا بخش اورینٹڈ پبلک لائبریری
Date of publication, distribution, etc 2001
270 ## - ADDRESS
City پٹنہ
300 ## - PHYSICAL DESCRIPTION
Extent 143p.
Dimensions 21cm(pbk)
650 ## - SUBJECT ADDED ENTRY--TOPICAL TERM
Topical term or geographic name as entry element اردو ادب
Form subdivision
9 (RLIN) 110786
650 ## - SUBJECT ADDED ENTRY--TOPICAL TERM
Topical term or geographic name as entry element Urdu literature
9 (RLIN) 110787
942 ## - ADDED ENTRY ELEMENTS (KOHA)
Source of classification or shelving scheme Dewey Decimal Classification
Koha item type Urdu Bks
Classification part 841.08
Call number suffix ج ا ے
Holdings
Withdrawn status Lost status Damaged status Not for loan Home library Current library Date acquired Source of acquisition Cost, normal purchase price Total Checkouts Total Renewals Full call number Barcode Date last seen Date checked out Copy number Cost, replacement price Price effective from Koha item type
        Central Library Central Library 18/12/2015 Cen Lib/Ret 60.00 1 1 841.08 ج ا ے B-077911 05/08/2017 08/07/2017 1 60.00 18/12/2015 Urdu Bks

© Delhi Public Library
Hit Counter
free hit counter